La vegetación, los bosques y el hombre con especial referencia al departamento del Cesar / (Registro nro. 18135)

Detalles MARC
000 -CABECERA
Campo de control 01011nam a22002417a 4500
005 - FECHA Y HORA DE LA ULTIMA TRANSACCION
Campo de control 20180803170223.0
008 - ELEMENTOS DE LONGITUD FIJA—INFORMACION GENERAL
Campo de control 160215b2012 ck ao fr|||| 00| 0 spa d
020 ## - ISBN
ISBN 9789587613063
040 ## - FUENTE DE CATALOGACIÓN
Agencia catalogadora original CO-BoIAVH
Agencia transcriptora CO-BoIAVH
041 0# - IDIOMA
Código de idioma para texto/pista de sonido o título separado Español
044 ## - PAÍS DE PUBLICACIÓN
País de publicación Colombia
082 04 - NUMERO DE CLASIFICACION DECIMAL DEWEY
Número de clasificación 574.52
Número del ítem M33a5
100 1# - ASIENTO PRINCIPAL--NOMBRE PERSONAL
Nombre personal Rangel Ch., J. Orlando
9 (RLIN) 92819
245 13 - MENCION DE TITULO
Título La vegetación, los bosques y el hombre con especial referencia al departamento del Cesar /
Mención de responsabilidad por J. Orlando Rangel-Ch.
260 ## - PUBLICACION, DISTRIBUCION, ETC. (PIE DE IMPRENTA)
Lugar de publicación, distribución, etc. Bogotá (Colombia) :
Nombre del editor, distribuidor, etc. Universidad Nacional, Instituto de Ciencias Naturales,
Fecha de publicación, distribución, etc. 2012.
300 ## - DESCRIPCION FISICA
Extensión 85 páginas :
Otros detalles físicos ilustraciones, fotografías a color ;
Dimensiones 24 x 16 cm.
490 0# - MENCION DE SERIE
Mención de serie Colombia. Diversidad Biótica ;
Designación numérica/secuencial del volumen 5
650 #6 - ASIENTO SECUNDARIO DE MATERIA - TERMINO TEMATICO
Término temático o nombre geográfico como elemento de entrada Bosques
Subdivisión geográfica Cesar (Departamento, Colombia)
9 (RLIN) 79922
650 #6 - ASIENTO SECUNDARIO DE MATERIA - TERMINO TEMATICO
Término temático o nombre geográfico como elemento de entrada Ecología vegetal
Subdivisión geográfica Cesar (Departamento, Colombia)
9 (RLIN) 79923
650 #6 - ASIENTO SECUNDARIO DE MATERIA - TERMINO TEMATICO
Término temático o nombre geográfico como elemento de entrada Ecología forestal
Subdivisión geográfica Cesar (Departamento, Colombia)
9 (RLIN) 79924
650 #6 - ASIENTO SECUNDARIO DE MATERIA - TERMINO TEMATICO
Término temático o nombre geográfico como elemento de entrada Servicios de los ecosistemas
Subdivisión geográfica Cesar (Departamento, Colombia)
9 (RLIN) 79925
942 ## - ELEMENTOS ADICIONALES (KOHA)
Sistema de clasificación Dewey Decimal Classification
Tipo de ítem Libro
Existencias
Withdrawn status Lost status Sistema de Clasificación Damaged status No para préstamo Colección Inventariado Ubicación Permanente Ubicación actual Fecha de adquisición Fuente de Valor Valor Total Checkouts Número topográfico Inventario / Código de Barras Date last seen Ejemplar Price effective from Forma de adquisición Tipo de material
    Dewey Decimal Classification     General Inventariado 2017 Bogotá Bogotá 15/02/2016 Instituto 39000.00   LB-574.52 M33a5 039808 15/02/2016 Ej. 1 15/02/2016   Libro